Market Information and Signaling in Central Bank Operations, or, How Often Should a Central Bank Intervene?
Salvato in:
| Autore principale: | |
|---|---|
| Natura: | Libro |
| Lingua: | inglese |
| Pubblicazione: |
Washington
International Monetary Fund
1997
|
| Edizione: | 1. ed. |
| Serie: | IMF Working Paper
28 |
| Soggetti: | |
| Tags: |
Nessun Tag, puoi essere il primo ad aggiungerne!!
|
MARC
| LEADER | 00000nam a2200000 4500 | ||
|---|---|---|---|
| 001 | c021142 | ||
| 005 | 20221221082922.7 | ||
| 041 | 0 | |a eng | |
| 044 | |a US | ||
| 245 | 1 | 0 | |a Market Information and Signaling in Central Bank Operations, or, How Often Should a Central Bank Intervene? |c Daniel C. Hardy |
| 250 | |a 1. ed. | ||
| 264 | 1 | |a Washington |b International Monetary Fund |c 1997 | |
| 300 | |a 28 s. | ||
| 490 | 1 | |a IMF Working Paper |v 28 | |
| 830 | 0 | |a IMF Working Paper |v 28 | |
| 610 | 2 | 0 | |a informácie |
| 610 | 2 | 0 | |a informácie ekonomické |
| 610 | 2 | 0 | |a banky centrálne |
| 610 | 2 | 0 | |a intervencie |
| 610 | 2 | 0 | |a informácie obchodno-ekonomické |
| 610 | 2 | 0 | |a bankovníctvo |
| 100 | 1 | |a Hardy, Daniel C. | |